Thrive: A Field Guide Women In Architecture (Record no. 369689)

MARC details
000 -LEADER
fixed length control field 00412 a2200157 4500
005 - DATE AND TIME OF LATEST TRANSACTION
control field 20260106124659.0
008 - FIXED-LENGTH DATA ELEMENTS--GENERAL INFORMATION
fixed length control field 260106b |||||||| |||| 00| 0 eng d
020 ## - INTERNATIONAL STANDARD BOOK NUMBER
International Standard Book Number 9781914124716
082 ## - DEWEY DECIMAL CLASSIFICATION NUMBER
Classification number 720.95/SIN
100 ## - MAIN ENTRY--PERSONAL NAME
Author Singha S
245 ## - TITLE STATEMENT
Title Thrive: A Field Guide Women In Architecture
260 ## - PUBLICATION, DISTRIBUTION, ETC.
Name of publisher, distributor, etc. Riba Publishing
Date of publication, distribution, etc. 2024
Place of publication, distribution, etc. London
300 ## - PHYSICAL DESCRIPTION
Extent 150p
Other physical details PB
500 ## - GENERAL NOTE
Keywords MASTER Architect
942 ## - ADDED ENTRY ELEMENTS (KOHA)
Koha item type Books
Holdings
Withdrawn status Lost status Source of classification or shelving scheme Damaged status Not for loan Home library Current library Date acquired Vendor Net Price Total Checkouts Full call number Barcode Date last seen Date last checked out Actual Price Bill Date Koha item type
    Dewey Decimal Classification     Dr. Bhanuben Nanavati College of Architecture Dr. Bhanuben Nanavati College of Architecture 06/01/2026 170 2966.83 1 720.95/SIN BNCA-BK-13435 13/05/2026 01/04/2026 4299.75 23/12/2025 Books